Les fonctions du cerveau / (Record no. 54092)

MARC details
000 -LEADER
campo de control de longitud fija 00651nam a22001935i 4500
001 - NÚMERO DE CONTROL
campo de control 54092
003 - IDENTIFICADOR DE NÚMERO DE CONTROL
campo de control ES-MaACL
005 - FECHA Y HORA DE LA ÚLTIMA TRANSACCIÓN
campo de control 20230906162909.0
007 - CAMPO FIJO DE DESCRIPCIÓN FÍSICA--INFORMACIÓN GENERAL
campo de control de longitud fija t|
008 - DATOS DE LONGITUD FIJA--INFORMACIÓN GENERAL
campo de control de longitud fija 960710s1878 fr ||||1| fre d
040 ## - FUENTE DE CATALOGACIÓN
Centro catalogador/agencia de origen CAM
Lengua de catalogación spa
Centro/agencia transcriptor CAM
100 1# - ENTRADA PRINCIPAL--NOMBRE DE PERSONA
Nombre de persona Ferrier, David.
9 (RLIN) 50570
245 14 - MENCIÓN DEL TÍTULO
Título Les fonctions du cerveau /
Mención de responsabilidad, etc. par David Ferrier ; traduit de l'anglais par Henri C. de Varigny.
260 ## - PUBLICACIÓN, DISTRIBUCIÓN, ETC.
Lugar de publicación, distribución, etc. Paris :
Nombre del editor, distribuidor, etc. Librairie Germer Baillière et Cie,
Fecha de publicación, distribución, etc. 1878 (
Fabricante Typographie Lahure)
300 ## - DESCRIPCIÓN FÍSICA
Extensión VIII, 519 p. ;
Dimensiones 23 cm.
650 #4 - PUNTO DE ACCESO ADICIONAL DE MATERIA--TÉRMINO DE MATERIA
Término de materia o nombre geográfico como elemento de entrada Cerebro-
Subdivisión general Fisiología.
9 (RLIN) 10904
700 1# - ENTRADA AGREGADA--NOMBRE PERSONAL
Nombre de persona Varigny, Henry Crosnier de (
Fechas asociadas al nombre 1855-1934?)
9 (RLIN) 157468
852 ## - LOCALIZACIÓN
Ubicación ES-MaACL
Número de control de estantería F-13315
Holdings
Estatus retirado Estado de pérdida Estado de daño No para préstamo Colección Biblioteca de origen Biblioteca actual Ubicación en estantería Fecha de adquisición Fuente de adquisición Total de préstamos Signatura topográfica completa Código de barras Visto por última vez Precio de reemplazo Tipo de ítem Koha
        Libros del s. XIX Biblioteca del Ateneo de Madrid Biblioteca del Ateneo de Madrid Sala Pecera Planta 2 17/01/2008     F-13315 1056849 23/02/2023 23/02/2023 Libro impreso antiguo